000 00780nam a2200241 a 4500
001 18224
003 CO-ViMGA
008 141112s2004 ck r 000 u spa d
020 _a9681857356
040 _aCO-ViMGA
_bspa
_cCO-ViMGA
082 0 4 _a600 T734c
100 1 _aCazares Trejo, Carmen
_925949
245 1 0 _aComunicación de ciencia y tecnología
260 _aMexico,
_cLimusa,
_c2001
300 _a223.p.
505 _aLa ciencia y la tecnología en la vida moderna La comunicación de la ciencia La comunicación de la tecnología
590 _aForma de adquisición : Premio - Mincultura
650 1 4 _aCOMUNICACION
_952539
650 1 4 _aCOMUNICACION CIENTIFICA
_925950
650 1 4 _aREDACCION DE ASUNTOS TECNICOS
_925951
650 1 4 _aTECNOLOGIA
942 _2ddc
_cBK
999 _c27583
_d27583